Statistics for Bandwagon Quiz - Miami Marlins

Click here to take the quiz!

General Stats

  • This quiz has been taken 4 times
  • The average score is 7 of 20

Answer Stats

HintAnswer% Correct
How many World Series titles do the Marlins have?2
100%
What former Marlins player has a memorial at the Marlins' ballpark after his tragic death in 2016?Jose Fernandez
100%
What is the name of the Marlins' Triple-A affiliate?Jacksonville Jumbo Shrimp
75%
What ballpark do the Marlins play in?LoanDepot Park
75%
What is the name of the Marlins' mascot?Billy
50%
What Marlins player hit a home run off of Bartolo Colon the night after his teammate passed away?Dee Gordon
50%
What Baseball Hall of Famer was formerly a part-owner of the Marlins?Derek Jeter
50%
Who is the only player to win MVP as a Marlin?Giancarlo Stanton
50%
What Marlin hit for the cycle on April 11, 2023?Luis Arraez
50%
Who is the current manager for the Marlins?Skip Schumaker
50%
What number did the Marlins initially retire for Joe DiMaggio, despite DiMaggio never playing for the team?5
25%
Who is the only Marlin to win a Cy Young award as a Marlin?Sandy Alcantara
25%
What is the only number retired by the Marlins?42
0%
What Marlins player hit a line drive into center field to win the 1997 World Series for the Marlins?Edgar Renteria
0%
What left fielder, who still works as an assistant for the Marlins, won All-Star Game MVP in 1995?Jeff Conine
0%
What pitcher won World Series MVP in 2003?Josh Beckett
0%
What second baseman leads the Marlins in all-time hits?Luis Castillo
0%
What do the Marlins call their group of cheerleaders?Marlins Mermaids
0%
Who leads the Marlins in all-time wins and strikeouts?Ricky Nolasco
0%
What do the Marlins call the section of their ballpark that roots specifically for their ace pitcher?Sandy's Beach
0%

Score Distribution

Percentile by Number Answered

Percent of People with Each Score

Your Score History

You have not taken this quiz